Estadísticas para Geografía - Selección de Azulejos

Haz click aquí para tomar la prueba!

Estadísticas generales

  • Esta prueba ha sido tomada 1.026 veces
  • La puntuación promedio es 60 de 68

Estadísticas de respuestas

PreguntaAzulejo¿Seleccionas?% Correcto
todos los estados de EE.UU.Cuba
100%
todas las capitales de EuropaLondres
99%
todas las capitales de EuropaParís
99%
todos los países que tocan el Mar CaribeComoras
99%
todos los países que tocan el Mar CaribeNauru
99%
todos los estados de EE.UU.Guam
99%
todos los países cuyas banderas contienen rojoUruguay
98%
todas las capitales de EuropaOdesa
98%
todas las capitales de EuropaMoscú
98%
todos los países que tocan el Mar CaribePalaos
98%
todas las capitales de EuropaSarátov
98%
todas las capitales de EuropaFráncfort
98%
todas las capitales de EuropaValencia
98%
todos los países que tocan el Mar CaribeCabo Verde
97%
todas las capitales de EuropaOslo
97%
todos los países que tocan el Mar CaribeSeychelles
97%
todas las capitales de EuropaDublin
96%
todos los países cuyas banderas contienen rojoNigeria
95%
todas las capitales de EuropaCopenhague
95%
todas las capitales de EuropaPraga
95%
todos los países cuyas banderas contienen rojoIrlanda
95%
todos los estados de EE.UU.Alaska
95%
todas las capitales de EuropaKiev
95%
todos los países que tocan el Mar CaribeHaití
94%
todos los países cuyas banderas contienen rojoJapón
94%
todos los países que tocan el Mar CaribeJamaica
94%
todos los estados de EE.UU.Alabama
94%
todos los países cuyas banderas contienen rojoIndia
93%
todas las capitales de EuropaBarcelona
93%
todas las capitales de EuropaMilán
93%
todas las ciudades en ChinaWuhan
93%
todos los estados de EE.UU.Arkansas
93%
todos los países cuyas banderas contienen rojoSuiza
92%
todos los estados de EE.UU.Puerto Rico
92%
todos los países que tocan el Mar CaribeAntigua y Barbuda
92%
todos los estados de EE.UU.Hawái
91%
todos los estados de EE.UU.Indiana
91%
todas las ciudades en ChinaBangkok
91%
todos los países que tocan el Mar CaribeSan Vicente y las Granadinas
91%
todos los estados de EE.UU.Oklahoma
91%
todos los estados de EE.UU.Iowa
90%
todos los países que tocan el Mar CaribeSanta Lucía
90%
todos los países cuyas banderas contienen rojoSomalia
89%
todos los estados de EE.UU.Los Angeles
89%
todos los estados de EE.UU.Misisipi
88%
todas las capitales de EuropaBelgrado
88%
todos los países que tocan el Mar CaribeGranada
88%
todos los estados de EE.UU.Wyoming
88%
todos los países cuyas banderas contienen rojoBosnia y Herzegovina
88%
todos los estados de EE.UU.Miami
88%
todas las ciudades en ChinaAnsan
87%
todos los países cuyas banderas contienen rojoItalia
84%
todas las capitales de EuropaLiubliana
83%
todos los países cuyas banderas contienen rojoTanzania
83%
todos los países cuyas banderas contienen rojoBélgica
81%
todos los países que tocan el Mar CaribeSanto Tomé y Príncipe
80%
todas las ciudades en ChinaXi'an
80%
todos los países cuyas banderas contienen rojoNueva Zelanda
78%
todas las ciudades en ChinaXiamen
78%
todas las ciudades en ChinaDa Nang
77%
todos los países cuyas banderas contienen rojoPaíses Bajos
76%
todos los estados de EE.UU.Washington D.C.
70%
todos los países cuyas banderas contienen rojoBulgaria
70%
todas las ciudades en ChinaCantón
67%
todos los países cuyas banderas contienen rojoPapua Nueva Guinea
64%
todos los países cuyas banderas contienen rojoCamerún
59%
todas las ciudades en ChinaChangwon
55%
todas las ciudades en ChinaShantou
52%

Distribución de puntuación

Porcentaje por número respondido

Porcentaje de gente con cada puntuación

Historial de tus puntuaciones

No has tomado esta prueba